000 00759cab a2200253 4500
001 WB2821-07
008 090401t1992 xxu||||| |||| 00| 0 eng d
035 _a(Sirsi) u19272
041 _aeng
245 _aSecurity design
260 _c1992
350 _a0
490 _aFinancial Times
_v27 May 1992, 8(1)
520 _aThe Police have extended the Secured by Design scheme originally only aimed at residential property to commercial property.
650 _aBURGLARIES
650 _aPROPERTY-COMMERCIAL PROPERTY
650 _aCRIME PREVENTION
650 _aSECURED BY DESIGN
650 _aSECURITY
690 _aBUILT ENVIRONMENT-CONSTRUCTION DESIGN
690 _aBUILT ENVIRONMENT-BUILDING STANDARDS
942 _n0
948 _c04/03/1997
999 _c12851
_d12851